000 00861cab a2200253 4500
001 ABS57525
008 090401t1997 xxu||||| |||| 00| 0 eng d
035 _a(Sirsi) u80267
041 _aeng
100 _aSingleton, S.
245 _aTeleworking and professional partnerships
260 _c1997
350 _a0
490 _aProfessional Practice Management
_v15(7) July 1997, 103-105(3)
520 _aClarifies the legal and planning implications of teleworking. Includes guidelines produced by the MSF union, planning regulations, insurance implications and information about business rates.
650 _aEMPLOYMENT ISSUES
650 _aHOME WORKING
650 _aINSURANCE ISSUES
650 _aLEGAL ISSUES
650 _aTELEWORKING
690 _aMANAGEMENT-BUSINESS MANAGEMENT-PROFESSIONAL PRACTICE
942 _n0
948 _c14/08/1997
999 _c50532
_d50532